1980s Television: 10 to 1 Sorting Gallery Quiz Stats

 Plays Quiz Updated Jun 26, 2017

Support Sporcle.
Go Orange.
Score 0/55 Timer 06:00
0 Plays Today
% Correct
Sam Malone
94.1%
Frasier Crane
93.9%
Norm Peterson
93.3%
Cliff Clavin
93%
Diane Chambers
92.8%
Woody Boyd
91.2%
Carla Tortelli
91%
Alex P. Keaton
84.5%
Ernie 'Coach' Pantusso
83.4%
'Howling Mad' Murdock
83.1%
Arnold Jackson
82.8%
Mallory Keaton
81.6%
Elyse Keaton
81%
Willis Jackson
80.7%
Jennifer Keaton
80.1%
John 'Hannibal' Smith
80%
Judge Harry T. Stone
79.8%
Steven Keaton
79.4%
B.A. Baracus
79%
Rebecca Howe
78.8%
Winnie Cooper
77.8%
Lilith Sternin
77.8%
Blake Carrington
77.2%
Kevin Arnold
77.2%
Templeton 'Faceman' Peck
75.8%
Ricardo Tubbs
75.4%
James Crockett
74.4%
Krystle Carrington
74.2%
% Correct
Alexis Colby
72.8%
Phillip Drummond
72.5%
Nostradamus 'Bull' Shannon
70.5%
Mike Seaver
69.5%
Frank Furillo
66.1%
Edna Garrett
65.6%
Dan Fielding
64.8%
Christine Sullivan
59.8%
Bobby Hill
59.4%
Dominique Deveraux
57.1%
Rosalind 'Roz' Russell
55.9%
Aunt Sophia
55.5%
Jeff Colby
53.4%
Mick Belker
50%
Mac Robinson
49.8%
J.D. LaRue
47.5%
Howard Hunter
44.8%
Neal Washington
44.7%
Henry Goldblume
42%
Joyce Davenport
42%
Charlene DuPrey
35.5%
Adelaide Brubaker
34%
Pearl Gallagher
33.5%
Lucy Bates
31%
Martin Castillo
30%
Dex Dexter
27.5%
Kirby Anders
23.6%

You're not logged in!

Compare scores with friends on all Sporcle quizzes.
OR
Log In
Forgot?

From the Vault

NFL Teams by Helmet Description

by gwukelic

We wish at least one team would put a sparkly unicorn on their helmet. Now that would be something.
Remove Ads.
Support Sporcle.
Get the best of Sporcle when you Go Orange. This ad-free experience offers more features, more stats, and more fun while also helping to support Sporcle. Thank you for becoming a member.

Show Comments

Extras

Top Quizzes Today


Score Distribution

Your Account Isn't Verified!

In order to create a playlist on Sporcle, you need to verify the email address you used during registration. Go to your Sporcle Settings to finish the process.

Report this User

Report this user for behavior that violates our Community Guidelines.

Details: